CIK PEMANIS HATI /

Bibliographic Details
Main Author: Phidot (Author)
Format: Book
Language:Malay
Subjects:
LEADER 00708cam a2200253 7i4500
001 0000067559
005 20180820090000.0
005 ##20180820145300.0
003 ##MY-KlINT
008 180820 my 000 0 may d
020 # # |a 9789673652532  
039 # 9 |a 201808201453  |b zarinah  |y 201808201453  |z zarinah 
040 # # |a INTS 
082 0 0 |a 899.2333 
090 0 0 |a 899.2333   |b PHI 
100 1 # |a Phidot   |e author 
245 1 0 |a CIK PEMANIS HATI /   |c PHIDOT. 
264 # 0 |a Kuala Lumpur  |b Penerbitan Fajar Pakeer  |c [2016?] 
300 # # |a 654 pages;   |c 19cm. 
336 # # |a text  |2 rdacontent 
337 # # |a unmediated  |2 rdamedia 
338 # # |a volume  |2 rdacarrier 
650 # 0 |a Malaysian fiction (Malay)  
650 # 0 |a Malay fiction